Sports Quiz

Random Sports or MLB Quiz

Tampa Bay Rays Opening Day Starting Pitchers Quiz Stats

 Plays Quiz Updated Apr 2, 2018

Score 0/21 Timer 08:00
0 Plays Today
Year Pitcher % Correct
2018Chris Archer
86.8%
2011David Price
86.7%
2013David Price
86.6%
2014David Price
86.6%
2015Chris Archer
83.1%
2016Chris Archer
83.1%
2017Chris Archer
83.1%
2010James Shields
71.3%
2008James Shields
71.3%
2009James Shields
71.3%
2012James Shields
71.3%
Year Pitcher % Correct
2006Scott Kazmir
52.1%
2007Scott Kazmir
52.1%
2004Victor Zambrano
22.6%
1998Wilson Alvarez
18%
1999Wilson Alvarez
18%
2001Albie Lopez
10.1%
2005Dewon Brazelton
9.9%
2003Joe Kennedy
9.1%
2002Tanyon Sturtze
8.8%
2000Steve Trachsel
7.2%

You're not logged in!

Compare scores with friends on all Sporcle quizzes.
Join for Free
OR
Log In

Show Comments

Extras

Top Quizzes Today


Score Distribution

Your Account Isn't Verified!

In order to create a playlist on Sporcle, you need to verify the email address you used during registration. Go to your Sporcle Settings to finish the process.

Report this User

Report this user for behavior that violates our Community Guidelines.

Details: